000 00577nam a22001817a 4500
005 20160627140552.0
010 _aENG-115344
020 _a9789351438632
_c150.00
035 _aEN-98876
037 _bDBAD/PUB
082 _22nd edition
_a346.5403
100 _aRosdar S.R.A.
245 _aLaw of torts and consumer protection act /
_bby Rosedar S.R.A.
260 _aGurgaon
_bLexisNexis
_c2016
270 _a14th floor,Bulding No-10,Tower-B,DLF Cyber City,Phase-II
_bGurgaon
_e122002
300 _axxv,241p.
_b21cm(pbk)
942 _2ddc
_cEN
_mROS
_h346.5403
999 _c100756
_d100756